000 00529pam a2200205 a 4500
020 _c
040 _aMedical College Libr
041 _aENG
_hENG
082 _a618.2
_bDAW
100 _aDawn, C.S. .
245 _aText Book of Obstetrics & Neonatology /
_c
_hTextual Documents
250 _a15th /
_b.
260 _aKolkotta :
_bDawn Books ,
_c2001.
300 _a468 ;
_c
365 _a340=00
653 _aObstetrics
_aMedical Science
930 _a1164
999 _c1163
_d1163